|
|
|
|
| LEADER |
00000nam a2200000 a 4500 |
| 001 |
vtls011629049 |
| 003 |
SK-MaSNL |
| 005 |
20260301140940.0 |
| 008 |
240318s2017 xo oda g n 000 0 slo |
| 015 |
|
|
|a SNBA2017/05
|
| 020 |
|
|
|a 9788097263218
|q (brož.)
|
| 035 |
|
|
|a urn:nbn:sk:snk-am00cxbr
|
| 035 |
|
|
|a urn:nbn:sk:snk-am3hmdz
|
| 035 |
|
|
|a B0073B17-0CBE-4EA1-9809-EF57486A5036
|
| 040 |
|
|
|a SNK
|b slo
|c SNK
|e AACR2
|
| 041 |
0 |
|
|a slo
|
| 044 |
|
|
|a xo
|c SK
|
| 072 |
|
7 |
|a 692
|x Konštrukčné prvky a časti stavieb
|2 konspekt
|
| 080 |
|
|
|a 692.533.1
|2 2011
|
| 080 |
|
|
|a (048.8)
|2 2011
|
| 080 |
|
|
|a 725.4
|2 2001
|
| 080 |
|
|
|a 69.05
|2 2011
|
| 100 |
1 |
|
|a Briatka, Peter,
|d 1982-
|4 aut
|9 163106
|
| 245 |
1 |
0 |
|a Priemyselné podlahy v súčasnosti 2
|b -technológia zhotovenia a ošetrovania pre dlhú životnosť bez porúch
|c Peter Briatka, Peter Makýš
|
| 260 |
|
|
|a Nitrianske Rudno
|b Bria Invenia
|c 2017
|
| 300 |
|
|
|a 109 s.
|b fotogr., grafy, ilustr., tab.
|c 25 cm
|
| 366 |
|
|
|e 100 výtlačkov
|
| 490 |
1 |
|
|a Bria Invenia
|
| 504 |
|
|
|a Bibliografia na strane 105-109 ; terminológia
|
| 650 |
0 |
7 |
|a betónové podlahy
|2 SNKPH
|9 179793
|
| 650 |
0 |
7 |
|a priemyselné stavby
|2 SNKPH
|9 3007
|
| 650 |
0 |
7 |
|a Concrete floors
|2 SNKPHeng
|9 347315
|
| 650 |
0 |
7 |
|a Industrial buildings
|2 SNKPHeng
|9 345699
|
| 650 |
0 |
7 |
|a stavebné technológie
|2 SNKPH
|9 66818
|
| 650 |
0 |
7 |
|a Building technology
|2 SNKPHeng
|9 266954
|
| 655 |
|
7 |
|a monografie
|2 SNKPH
|9 70139
|
| 655 |
|
7 |
|a Monographs
|2 SNKPHeng
|9 120675
|
| 700 |
1 |
|
|a Makýš, Peter,
|d 1965-
|4 aut
|9 23054
|
| 830 |
|
0 |
|a Bria Invenia
|9 347316
|
| 919 |
|
|
|a 978-80-972632-1-8
|
| 958 |
|
|
|a NB
|
| 999 |
|
|
|c 765543
|d 767473
|
| 952 |
|
|
|a SNK
|b SNK
|y PREZ
|7 0
|p 17A1258390
|o snkSC 174593/2
|i snk2017/11147
|8 0
|0 0
|1 0
|4 0
|d 2017-05-15
|f 1
|l 0
|r 2025-09-16 00:00:00
|w 2026-02-24
|
| 952 |
|
|
|a SNK
|b SNK
|y VYP
|7 0
|p 17A1258389
|o snkSC 174593/2 D1
|i snk2017/11149
|8 0
|0 0
|1 0
|4 0
|d 2017-05-15
|l 0
|r 2026-02-24 00:17:54
|w 2026-02-24
|